书目信息 |
| 题名: |
质量、环境和职业健康安全管理体系的整合与运作
|
|
| 作者: | 周军民 主编 ;凯达国际标准认证咨询公司 编 | |
| 分册: | ||
| 出版信息: | 北京 中国电力出版社 2003.11 |
|
| 页数: | 134页 | |
| 开本: | 26cm | |
| 丛书名: | 管理体系理解与推行培训丛书 | |
| 单 册: | ||
| 中图分类: | X32-43 , F273.2-43 | |
| 科图分类: | ||
| 主题词: | 环境管理--huan jing guan li--体系--教材 , 劳动保护--lao dong bao hu--劳动管理--体系--教材 , 质量管理体系--zhi liang guan li ti xi--教材 , 环境管理--huan jing guan li , 劳动保护--lao dong bao hu , 质量管理体系--zhi liang guan li ti xi , 劳动管理--lao dong guan li | |
| 电子资源: | ||
| ISBN: | 7-5083-1736-X | |
| 000 | 01506nam0 2200349 45 | |
| 001 | 012005000000 | |
| 005 | 20061229144325.89 | |
| 010 | @a7-5083-1736-X@dCNY25.00 | |
| 100 | @a20050611d2003 em y0chiy0121 ea | |
| 101 | 0 | @achi |
| 102 | @aCN@b110000 | |
| 105 | @aak z 000yy | |
| 200 | 1 | @a质量、环境和职业健康安全管理体系的整合与运作@Azhi liang、 huan jing he zhi ye jian kang an quan guan li ti xi de zheng he yu yun zuo@f[周军民主编]@g凯达国际标准认证咨询有限公司编 |
| 210 | @a北京@c中国电力出版社@d2003.11 | |
| 215 | @a134页@c图@d26cm | |
| 225 | 2 | @a管理体系理解与推行培训丛书@Aguan li ti xi li jie yu tui xing pei xun cong shu |
| 330 | @a本书介绍了整合型管理体系概论, 整合型管理体系的理念基础, 整合型管理体系的实施, 以及整合型管理体系文件案例等。 | |
| 333 | @a阅读对象: 整合型管理体系审核人员、咨询人员、各部门执行人员等 | |
| 410 | 0 | @12001 @a管理体系理解与推行培训丛书 |
| 606 | 0 | @a环境管理@Ahuan jing guan li@x体系@j教材 |
| 606 | 0 | @a劳动保护@Alao dong bao hu@x劳动管理@x体系@j教材 |
| 606 | 0 | @a质量管理体系@Azhi liang guan li ti xi@j教材 |
| 606 | 0 | @a环境管理@Ahuan jing guan li |
| 606 | 0 | @a劳动保护@Alao dong bao hu |
| 606 | 0 | @a质量管理体系@Azhi liang guan li ti xi |
| 606 | 0 | @a劳动管理@Alao dong guan li |
| 690 | @aX32-43@v4 | |
| 690 | @aF273.2-43@v4 | |
| 701 | 0 | @a周军民@Azhou jun min@c(质量管理)@4主编 |
| 712 | 02 | @a凯达国际标准认证咨询公司@Akai da guo ji biao zhun ren zheng zi xun gong si@4编 |
| 801 | 0 | @aCN@c20061229 |
| 905 | @a10447@dF273.2-43@eZ774 | |
| 质量、环境和职业健康安全管理体系的整合与运作/[周军民主编]/凯达国际标准认证咨询有限公司编.-北京:中国电力出版社,2003.11 |
| 134页:图;26cm.-(管理体系理解与推行培训丛书) |
| 使用对象:阅读对象: 整合型管理体系审核人员、咨询人员、各部门执行人员等 |
| ISBN 7-5083-1736-X:CNY25.00 |
| 本书介绍了整合型管理体系概论, 整合型管理体系的理念基础, 整合型管理体系的实施, 以及整合型管理体系文件案例等。 |
| ● |
| 相关链接 |
|
|
|
正题名:质量、环境和职业健康安全管理体系的整合与
索取号:F273.2-43/Z774
 
预约/预借
| 序号 | 登录号 | 条形码 | 馆藏地/架位号 | 状态 | 备注 |
| 1 | 640807 | 206408074 | 社科库409/409社科库 92排4列3层/ [索取号:F273.2-43/Z774] | 在馆 | |
| 2 | 640808 | 206408083 | 社科库409/409社科库 92排4列3层/ [索取号:F273.2-43/Z774] | 在馆 | |
| 3 | 640809 | 206408092 | 社科库409/409社科库 92排4列3层/ [索取号:F273.2-43/Z774] | 在馆 |